PETS teacher's handbook : Primary 3B
The Primary English Thematic Series is designed to meet the needs of children learning English Language in Singapore. It is based on a conceptual framework that is supported by current research on how children learn, and proven classroom practices.
Đã lưu trong:
| Formáid: | Leabhar |
|---|---|
| Teanga: | Undetermined |
| Foilsithe: |
Singapore
SNP Education Pte Ltd
1993
|
| Ábhair: | |
| Clibeanna: |
Cuir Clib Leis
Gan Chlibeanna, Bí ar an gcéad duine leis an taifead seo a chlibeáil!
|
| Thư viện lưu trữ: | Trung tâm Học liệu Trường Đại học Cần Thơ |
|---|
| LEADER | 00852nam a2200205Ia 4500 | ||
|---|---|---|---|
| 001 | CTU_226593 | ||
| 008 | 210402s9999 xx 000 0 und d | ||
| 082 | |a 428.24 | ||
| 082 | |b P498 | ||
| 245 | 0 | |a PETS teacher's handbook : | |
| 245 | 0 | |b Primary 3B | |
| 245 | 0 | |c Betsy Lim Hai Boey (Project director) | |
| 260 | |a Singapore | ||
| 260 | |b SNP Education Pte Ltd | ||
| 260 | |c 1993 | ||
| 520 | |a The Primary English Thematic Series is designed to meet the needs of children learning English Language in Singapore. It is based on a conceptual framework that is supported by current research on how children learn, and proven classroom practices. | ||
| 650 | |a English language,Tiếng Anh | ||
| 650 | |x Study and teaching (Primary),Dạy và học (Tiểu học) | ||
| 910 | |b vtbtruc | ||
| 980 | |a Trung tâm Học liệu Trường Đại học Cần Thơ | ||